000 00969nam a2200241 a 4500
001 49320
003 BD-RjUL
005 20211209054650.0
008 160820s1978 ii ||||| b||| 001 0 ben d
020 _c: IRs. 16.00
035 _a(BD-RjUL)49439
040 _aBD-RjUL
_bben
_cBD-RjUL
041 _aben
082 _223
_a895.109
_bGHC 1978
100 _aঘোষ, নির্মল
_9148134
245 1 0 _aচীনা সাহিত্যের ইতিহাস /
_cনির্মল ঘোষ
260 _aকলকাতা :
_bকরুণা প্রকাশনী,
_c১৯৭৮ (১৩৮৫)
300 _a[৮], ২৬৪ পৃ. ;
_c২০ সেমি.
504 _aগ্রন্থপঞ্জি ও নির্ঘণ্ট সংযুক্ত
650 _aচীনা সাহিত্য
_xইতিহাস ও সমালোচনা
_9148135
650 _aChinese Literature
_xHistory and Criticism
_9148136
942 _2ddc
_cBK
999 _c49320
_d49320